LEADER 01321nam a2200289 u 4500 001 000000026809 003 CaOOAMICUS 005 20070226111622.0 008 051017s1983 it u000 u ita u 020 $a88-350-7361-8 035 $a10693695 040 $aMSA$bita$dPUL 245 03$aIl linguaggio e i linguaggi nel bambino da 3 a 6 anni e nella scuola materna /$c[con contributi di] Aldo Agazzi ... [et al.]. 260 $aBrescia :$bLa Scuola,$cc1983. 300 $a219 p. ;$c22 cm 490 1 $aInfanzia e educazione.$aSerie pedagogica 504 $aContiene bibliografia. 650 4$aPedagogia$xScuola materna.$0(OLS)http://pul/subject/15535 650 4$aLinguaggio infantile.$0(OLS)http://pul/subject/15536 700 1 $aAgazzi, Aldo.$0(OLS)http://pul/name/11571 830 0$aInfanzia e educazione.$pSerie pedagogica.$0(OLS)http://pul/title/36757 850 $aPUL 852 $aPUL$W1$xSL Diritto e Scienze Sociali 3$y79$m372. 21 AGAAL 1$j37417$nBK-PRI$b $qDDC 21$B37417$CPULBib$Z2$F37417 $HPUL99838 $81 941 1 $a9 996 $6020$a88-350-7361-8$9(OLS)http://pul/number/33295 996 $6245$aIl linguaggio e i linguaggi nel bambino da 3 a 6 anni e nella scuola materna$9(OLS)http://pul/title/36756 996 $6260$aBrescia :$bLa Scuola$9(OLS)http://pul/publisher/48404 LEADER 01053nam a2200253 a 4500 001 000000166709 003 CaOOAMICUS 005 20180314154432.0 008 180314s1971 it u000 u ita r 032 $aLibriCat 040 $aPUL$bita 100 1 $aHobsbawm, Eric John,$d1917-2012.$0(OLS)http://pul/name/13656 245 12$aI banditi : $bil banditismo sociale nell'età moderna / $cEric J. Hobsbawm . 260 $aTorino :$bEinaudi,$c©1971. 300 $a135 p. ; $c18 cm. 490 1 $aPiccola biblioteca Einaudi ;$v153 650 04$aBriganti e brigantaggio$xStoria.$0(OLS)http://pul/subject/16831 830 0$aPiccola biblioteca Einaudi ;$v153.$0(OLS)http://pul/title/8551 850 $aPUL 852 $aPUL$W1$xDP1 Fondo Dalla Palma$y117$m1 C 53$j42002$qFondi$B194154$CPULBib$Z2$F194154 $HDal2533 $81 941 1 $a1 996 $6245$aI banditi : $bil banditismo sociale nell'età moderna / $9(OLS)http://pul/title/206455 996 $6260$aTorino :$bEinaudi$9(OLS)http://pul/publisher/48130